Statistics for 2018/2019 Golden State Warriors Roster

Click here to take the quiz!

General Stats

  • This quiz has been taken 42 times
  • The average score is 10 of 14

Answer Stats

Player % Correct
PFKevin Durant
100%
PGStephen Curry
100%
SGKlay Thompson
97%
PFDraymond Green
92%
CDeMarcus Cousins
84%
SFAndre Iguodala
78%
PGShaun Livingston
70%
PGQuinn Cook
68%
CKevon Looney
59%
CDamian Jones
49%
SFAlfonzo McKinnie
46%
CJordan Bell
41%
PFJonas Jerebko
41%
SGJacob Evans
30%

Score Distribution

Percentile by Number Answered

Percent of People with Each Score

Your Score History

You have not taken this quiz